Central Library OPAC University of Rajshahi

Enquiry concerning political justice and its influence on morals and happiness / (Record no. 35781)

MARC details
000 -LEADER
fixed length control field 01263cam a2200337 a 4500
001 - CONTROL NUMBER
control field 35781
003 - CONTROL NUMBER IDENTIFIER
rucl marc code BD-RjUL
005 - DATE AND TIME OF LATEST TRANSACTION
control field 20211209052358.0
008 - FIXED-LENGTH DATA ELEMENTS--GENERAL INFORMATION
fixed length control field 140609s1946 onc 000 0 eng
035 ## - SYSTEM CONTROL NUMBER
System control number (BD-RjUL)35876
040 ## - CATALOGING SOURCE
Original cataloging agency DLC
Transcribing agency DLC
Modifying agency BD-RjUL
Language of cataloging eng
041 ## - LANGUAGE CODE
Language code of text/sound track or separate title eng
082 00 - DEWEY DECIMAL CLASSIFICATION NUMBER
Classification number 320
Edition number 19
Author mark and year GOE V-2 1946
100 1# - MAIN ENTRY--PERSONAL NAME
Personal name Godwin, William,
Dates associated with a name 1756-1836.
9 (RLIN) 21938
245 10 - TITLE STATEMENT
Title Enquiry concerning political justice and its influence on morals and happiness /
Statement of responsibility, etc. by William Godwin.
Number of part/section of a work Volume II :
Name of part/section of a work Text
250 ## - EDITION STATEMENT
Edition statement Photographic facsimile of the 3rd ed. corr.
260 ## - PUBLICATION, DISTRIBUTION, ETC. (IMPRINT)
Place of publication, distribution, etc. Toronto :
Name of publisher, distributor, etc. University of Toronto Press,
Date of publication, distribution, etc. c1946.
300 ## - PHYSICAL DESCRIPTION
Pagination ix, 554 p. ;
Size 24 cm.
490 1# - SERIES STATEMENT
Series statement Studies and texts ;
Volume/sequential designation no. 2
505 0# - FORMATTED CONTENTS NOTE
Formatted contents note v. 1-2. Text -- v. 3. Critical introduction and notes.
650 #0 - SUBJECT ADDED ENTRY--TOPICAL TERM
Topical term or geographic name as entry element Political science.
9 (RLIN) 108988
Topical term or geographic name as entry element Political ethics.
9 (RLIN) 108989
700 1# - ADDED ENTRY--PERSONAL NAME
Personal name Priestley, F. E. L.
Fuller form of name (Francis Ethelbert Louis),
Dates associated with a name 1905-
710 2# - ADDED ENTRY--CORPORATE NAME
Corporate name or jurisdiction name as entry element Paul Avrich Collection (Library of Congress)
Institution to which field applies DLC
9 (RLIN) 11205
830 #0 - SERIES ADDED ENTRY--UNIFORM TITLE
Volume number/sequential designation no. 2.
830 #0 - SERIES ADDED ENTRY--UNIFORM TITLE
Uniform title Studies and texts (University of Toronto. Department of English) ;
942 ## - ADDED ENTRY ELEMENTS (KOHA)
Source of classification or shelving scheme Dewey Decimal Classification
Koha item type Books
Holdings
Lost status Source of classification or shelving scheme Damaged status Not for loan Collection code Permanent Location Current Location Shelving location Date acquired Source of acquisition Cost, normal purchase price Total Checkouts Full call number Date last seen Copy number Koha item type
  Dewey Decimal Classification   Not For Loan Non-fiction Central Library, University of Rajshahi Central Library, University of Rajshahi Reading Room 31/10/1955 Oxford University Press 81.40   320 GOE V-2 1946 09/06/2014 C-1 Books